00490nam a2200205Ia 4500008004100000020001300041050001600054050001400070245002200084245003200106250001700138260001500155260001800170260000900188300001600197300001100213440002000224500001900244650002100263200601s9999 xx 000 0 und d a73528455 aREF HF 5387 b.B87 2008 0aBusiness ethics / 0cJohn E. Richardson, editor. a19th Edition aNew York : bMcGraw-Hill., c2008 a207 pages : c27 cm. aAnnual editions aInclude index. aBusiness ethics.